01150nam a2200265 i 4500001000300000245015300003260004800156300005800204504003400262521019100296650003200487655003000519700003400549700003500583700002600618700002400644020001800668020001800686040000800704041000800712044000800720080001700728008004100745856009800786bg00aBiologia komórki roślinnej.nT. 2,pFunkcja /cred. nauk. Przemysław Wojtaszek, Adam Woźny, Lech Ratajczak ; aut. Zygmunt Hejnowicz [et al.]. aWarszawa :bWydawnictwo Naukowe PWN,c2007. aVII, [1], 671, [1] s. :bil. (w tym kolor.) ;c24 cm. aBibliogr. przy rozdz. Indeks. aDla studentów biologii, biotechnologii, bioinformatyki, różnych działów nauk rolniczych (technologii żywności, rolnictwa, ogrodnictwa, leśnictwa), medycznych i pokrewnych. 9aKomórka (biol.)xbotanika aPodręczniki akademickie1 aWojtaszek, Przemysław.eRed.1 aWoźny, Adamd(1945- ).eRed.1 aRatajczak, LecheRed.1 aHejnowicz, Zygmunt. a9788301148690 a9788301148393 cBPK0 apol aPOL a581.1(075.8) s pl f |000 0 pol  uhttp://koha.tu.koszalin.pl/cgi-bin/koha/opac-detail.pl?biblionumber=54484yKatalog online BPK